Footballer Passports #1 - Statistics

General Stats
  • This quiz has been taken 1,275 times
  • The average score is 11 of 20
Answer Stats
Hint Answer % Correct
Cristiano Ronaldo
100%
Jude Bellingham
86%
Johan Cruyff
74%
Andriy Shevchenko
69%
Thierry Henry
68%
Ronaldinho
62%
Gianluigi Buffon
58%
Samuel Eto'o
55%
Vincent Kompany
53%
Wilfried Zaha
52%
Petr Čech
50%
Xherdan Shaqiri
48%
Francesco Totti
44%
Franz Beckenbauer
43%
José Reina
43%
Kenny Dalglish
43%
Eusébio
42%
Yaya Touré
38%
Michael Laudrup
27%
Jay-Jay Okocha
26%
No matching quizzes found
Score Distribution
Percent of People with Each Score
Percentile by Number Answered
Your Score History
You have not taken this quiz